| 000 | 00858nam a2200217 a 4500 | ||
|---|---|---|---|
| 003 | 0 | ||
| 005 | 20250609130754.0 | ||
| 008 | 030603s19uu xx 00 eng d | ||
| 050 |
_aPGS TX 631 _b.Sa237 2000 |
||
| 100 | _aSantos, Emeryne Joy L. | ||
| 245 |
_aThe food color preference among selected grade three and six students of Southville International School (SY 1999-2000) / _cEmeryne Joy L. Santos. |
||
| 260 |
_aLas PiƱas City, Philippines : _bSouthville International School and Colleges, _c2000. |
||
| 300 |
_a40 pages : _bcolored illustrations ; _c28 cm. |
||
| 504 | _aIncludes bibliographical references. | ||
| 650 |
_aFood preferences _zPhilippines _vChildren. |
||
| 650 |
_aColor _vPsychological aspects. |
||
| 650 |
_aFood _vColoring. |
||
| 650 |
_aFood _vSensory evaluation. |
||
| 650 | _aChoice behavior in children. | ||
| 942 |
_2lcc _cPASS |
||
| 999 |
_c96215 _d96215 |
||